AH International Schools' Libraries

50 strategies for teaching English language learners / (Record no. 49597)

MARC details
000 -LEADER
fixed length control field 00399nam a2200133 4500
020 ## - INTERNATIONAL STANDARD BOOK NUMBER
International Standard Book Number 9780132487504
100 ## - MAIN ENTRY--PERSONAL NAME
Personal name Herrell, Adrienne L.
9 (RLIN) 86713
245 ## - TITLE STATEMENT
Title 50 strategies for teaching English language learners /
Statement of responsibility, etc Adrienne L. Herrel. Michael Jordan.
250 ## - EDITION STATEMENT
Edition statement 4th;
260 ## - PUBLICATION, DISTRIBUTION, ETC. (IMPRINT)
Place of publication, distribution, etc Boston:
Name of publisher, distributor, etc Pearson;
Date of publication, distribution, etc 2012.
300 ## - PHYSICAL DESCRIPTION
Extent 315 p.
Dimensions 27 cm.
650 ## - SUBJECT ADDED ENTRY--TOPICAL TERM
Topical term or geographic name as entry element English language.
9 (RLIN) 82872
942 ## - ADDED ENTRY ELEMENTS (KOHA)
Source of classification or shelving scheme
Koha item type Teacher's Resources
Holdings
Withdrawn status Lost status Source of classification or shelving scheme Damaged status Not for loan Collection code Home library Current library Shelving location Date acquired Full call number Barcode Date last seen Price effective from Koha item type
          TEACHERS' RESOURCES Asian Hope Secondary Library Asian Hope Secondary Library SECONDARY 10/02/2025 428.2 HER 208730 01/16/2026 10/02/2025 Teacher's Resources

For any Logos Library related questions please contact Miss Art at swongnarasuk@asianhope.org.

For any Asian Hope Library related questions please contact Miss Raza at graza@asianhope.org.

Powered by Koha